000 01645cab a22003615a 4500
001 L146292
008 090106s2009 xxk f g 000 0 eng d
035 _a(Sirsi) u146292
041 0 _aeng
100 1 _aThornton, Justine
245 0 0 _aContaminated land
_bthe latest developments
260 _c2009
490 _aJournal of Planning and Environment Law
_vIssue 1, 8-23(16)
520 _aArticle considers some of the more significant cases on contaminated land over the last few years and discusses the issues raised. Clean-up costs, damages, environmental liability and local authorities' powers and duties are among the topics covered, although the author's range is comprehensive.
590 _aKA
650 2 4 _aLAMBSON FINE CHEMICALS LTD V MERLION CAPITAL HOUSING LIMITED
650 2 4 _aPEPPER V HART
650 2 4 _aR (NATIONAL GRID GAS PLC (FORMERLY TRANSCO PLC) V ENVIRONMENT AGENCY
650 2 4 _aCIRCULAR FACILITIES (LONDON) LTD V SEVENOAKS DC
650 2 4 _aCORBY GROUP LITIGATION V CORBY BC
650 2 4 _aENCIA REMEDIATION LTD V CANOPIUS MANAGING AGENTS LTD
650 2 4 _aFADAYEVA V RUSSIA
650 2 4 _aHANS GAIDA V GERMANY
650 2 4 _aHUNTER V CANARY WHARF LTD
650 2 4 _aSUTRADHAR V NATURAL ENVIRONMENT RESEARCH COUNCIL
650 2 4 _aTRANSCO PLC V STOCKPORT MBC
650 2 4 _aYORKSHIRE WATER SERVICES LTD V SUN ALLIANCE AND LONDON INSURANCE PLC
650 2 4 _aBOLTON MBC V MUNICIPAL MUTUAL INSURANCE LTD
650 2 4 _aBSS FASHION MERCHANDISING V URBAN REGENERATION AGENCY
651 4 _aEngland and Wales
_y1543-
690 _aPROPERTY-RURAL AND NATURAL ASSETS-LAND-CONTAMINATED LAND
942 _n0
999 _c81116
_d81116